| 000 | 00753cam a2200229u 4500 | ||
|---|---|---|---|
| 001 | 9557 | ||
| 003 | BD-RjUL | ||
| 005 | 20211208234810.0 | ||
| 008 | 140121r19461941enka 001 0 eng d | ||
| 035 | _a(BD-RjUL)9602 | ||
| 040 |
_aDLC _cCarP _dDLC _dBD-RjUL _beng |
||
| 041 | _aeng | ||
| 082 |
_223 _a541.37082 _bSAE 1946 |
||
| 100 | 1 |
_aSand, Henry Julius Salomon, _d1873- [from old catalog] _929610 |
|
| 245 | 0 | 0 |
_aElectrochemistry and electrochemical analysis : _ba theoreticaland practical treatise for students and analysts / |
| 260 |
_aLondon : _bBlackie _c1941 [reprinted 1946 ] |
||
| 300 |
_av. : _bill. ; _c18 cm. |
||
| 505 | _aVol. 2 V. 3 -- | ||
| 650 | 0 |
_aElectrochemistry. _929572 |
|
| 650 | 0 |
_aElectrochemical analysis. _929368 |
|
| 942 |
_2ddc _cBK |
||
| 999 |
_c9557 _d9557 |
||